00974nam a2200241Ia 4500952011600000999001700116005001700133008004100150020001500191050002300206082002300229100003300252245012000285250003000405260003400435300002200469505003900491519010000530519004400630650001200674700003900686942000700725 00102ddc4070a01b01d2007-01-25l1o346.03 A185d 1998p01 009854r2018-10-10s2018-10-10t1w2012-06-24yLB c59648d5964820231102150644.0120622s1998 mx r 000 0 spa d a9700712273 aKGF5422 bA36 1998 a346.03bA185d 19981 aAcosta Romero, Migueleautor10aDelitos especialesb : doctrina legislación, jurisprudenciac / Miguel Acosta Romero, Eduardo López Betancourt a5a. edición actualizada3 aMéxicob : Porrúac, 1998 axl, 662 páginas aDoctrina Compilación legislativa aPlan Flexible / bMaestría en Derecho Penal / cDelitos en Particular (P07-4) / d(01 009854) aMaterial Complementario / d(03 000507)14aDELITOS aLópez Betancourt, Eduardoeautor cLB